Statistics for Words Starting with "Gn-"

Click here to take the quiz!

General Stats

  • This quiz has been taken 121 times
  • The average score is 6 of 10

Answer Stats

HintAnswer% Correct
Legendary dwarfish creaturegnome
92%
Bite at or chew something persistentlygnaw
90%
Small flygnat
87%
Wildebeestgnu
83%
Italian dumplings made from potato or flour, usually with saucegnocchi
80%
Grind (one's teeth) together, typically as a sign of angergnash
65%
Surfer slang for difficult and dangerousgnarly
64%
Relating to knowledge, especially esoteric mystical knowledgegnostic
29%
Banded metamorphic rock consisting of feldspar, quartz, and micagneiss
21%
Vertical rod on a sundial that projects a shadowgnomon
12%

Score Distribution

Percentile by Number Answered

Percent of People with Each Score

Your Score History

You have not taken this quiz